000 003290000a22001450004500
020 _a0-590-41110-1
082 0 4 _aK291p
100 1 _aKellogg, Steven
245 1 0 _aPecos bill / Steven Kellogg
260 _aUSA : Scholastic
300 _a[42 P.]
650 1 4 _aCuentos Infantiles estadounidenses
001 2083
942 _cLGB
999 _c49231
_d49231